|
|
|
|
| LEADER |
00000nam a22000007a 4500 |
| 005 |
20190219125926.0 |
| 007 |
cr|||| |||| |
| 008 |
190219s2014 ug |||||s|||| 00||0 eng d |
| 035 |
|
|
|a 8737
|
| 040 |
|
|
|a vLex
|
| 090 |
|
|
|c 8459
|d 8459
|
| 245 |
0 |
0 |
|a Mondaq Uganda
|h [Recurso electrn̤ico] /
|
| 256 |
|
|
|a Servicio en ln̕ea
|
| 260 |
|
|
|a Kampala:
|b Mondaq,
|c 2014
|
| 300 |
|
|
|a 1 recurso electrn̤ico
|
| 490 |
|
0 |
|a Mondaq Business Briefing
|
| 506 |
1 |
|
|a Disponible solo en los productos indicados
|d vLex Global
|d vLex Global (Academic Edition, excluding Law Schools)
|d vLex Global (U.S. Academic Edition, Law Schools)
|d vLex Global (U.S. Academic Edition, excluding Law Schools)
|d vLex Global (Academic Edition, Law Schools)
|
| 650 |
0 |
4 |
|a Interš general
|z Uganda
|
| 740 |
0 |
|
|a vLex Libros (Servicio en ln̕ea)
|
| 856 |
4 |
0 |
|u http://vlex.com/source/8737
|z Acceso restringido
|
| 942 |
|
|
|c BOOK
|
| 999 |
0 |
|
|a General interest
|